Przystanki linii autobusowej 148 we Wrocławiu - Statystyki

Ogólne statystyki
  • Ten quiz został rozwiązany 27 razy
  • Średni wynik to 14 z 27
Statystyki odpowiedzi
Przystanek % Poprawnych
Leśnica
95%
Leśnica
95%
Śrubowa
79%
Dworzec Świebodzki
74%
Nowy Dwór
74%
Plac Orląt Lwowskich
74%
Renoma
74%
Wrocławski Park Przemysłowy
74%
Dworcowa
68%
Nowodworska
68%
Chociebuska
58%
Kołobrzeska
53%
Smolecka
53%
Strzegomska 148
47%
Żerniki
47%
Złotniki
47%
Otyńska
37%
Średzka
37%
Wschowska
37%
Fabryczna
32%
Szczecińśka
26%
Wielkopolska
26%
Małopolska (Ośrodek Dla Niewidomych)
21%
Żernicka (Stacja Kolejowa)
21%
Nowy Dwór (Stacja Kolejowa)
16%
Strachowicka
16%
Uniwersytet Dolnośląski Dsw
5%
Nie znaleziono quizów pasujących do podanych kryteriów
Rozkład punktacji
Procent ludzi z każdym wynikiem
Percentyl według liczby udzielonych odpowiedzi
Twoja historia wyników
Nie rozwiązałeś tego quizu